Statistics for Unrecognised Nations #4

Click here to take the quiz!

General Stats

  • This quiz has been taken 25 times
  • The average score is 3 of 10

Answer Stats

Country Situated InStarts withAnswer% Correct
DenmarkGGreenland
74%
United KingdomIIsle of Man
70%
ChinaMMacau
70%
Bosnia and HerzegovinaSSrpska
39%
SerbiaVVojvodina
26%
ChinaEEast Turkestan
17%
United StatesCConch Republic
13%
Bosnia and HerzegovinaHHerceg-Bosna
9%
BrazilSSouth Brazil
9%
United KingdomWWaywood
9%

Score Distribution

Percentile by Number Answered

Percent of People with Each Score

Your Score History

You have not taken this quiz